Investiční fondy. Kapitálový trh.
Jedna z najbezpečnejších foriem ochrany úspor pred znehodnotením je ich ukladanie do fondov investičných spoločností. Výhody, ktoré plynú z investícií prostredníctvom fondov. Charakteristika základných druhov investičných fondov. Aktívne a pasívne fondy. Otvorené a uzatvorené fondy. Investičná strat...
Uložené v:
| Hlavný autor: | |
|---|---|
| Médium: | Kapitola |
| Jazyk: | Czech |
| Predmet: | |
| Tagy: |
Žiadne tagy, Buďte prvý, kto otaguje tento záznam!
|
MARC
| LEADER | 00000naa a2200000 4500 | ||
|---|---|---|---|
| 001 | r009586 | ||
| 005 | 20220831083702.7 | ||
| 041 | 0 | |a cze | |
| 044 | |a [CS] | ||
| 245 | 1 | 0 | |a Investiční fondy. |b Kapitálový trh. |c D. Podnecký |
| 520 | |a Jedna z najbezpečnejších foriem ochrany úspor pred znehodnotením je ich ukladanie do fondov investičných spoločností. Výhody, ktoré plynú z investícií prostredníctvom fondov. Charakteristika základných druhov investičných fondov. Aktívne a pasívne fondy. Otvorené a uzatvorené fondy. Investičná stratégia fondov. | ||
| 610 | 2 | 0 | |a fondy investičné |
| 610 | 2 | 0 | |a trh kapitálový |
| 610 | 2 | 0 | |a spoločnosti investičné |
| 610 | 2 | 0 | |a portfólio |
| 610 | 2 | 0 | |a akcie |
| 610 | 2 | 0 | |a NAV |
| 100 | 1 | |a Podnecký, D. | |